[Event "We LahS A 2021"]
[Site "?"]
[Date "2021.08.15"]
[Round "4"]
[White "Korjus, Onni"]
[Black "Rinne, Heini"]
[Result "1-0"]
[WhiteElo "1911"]
[BlackElo "1913"]
[PlyCount "77"]
[EventDate "2021.??.??"]
[SourceDate "2021.11.06"]
[SourceVersionDate "2021.11.06"]

1. d4 c6 2. e4 d5 3. Nc3 dxe4 4. Nxe4 Nf6 5. Nxf6+ exf6 6. c3 Bd6 7. Bd3 O-O 8.
Ne2 Re8 9. O-O Nd7 10. Bf4 Nf8 11. Bxd6 Qxd6 12. Ng3 Ng6 13. Qc2 Be6 14. Rfe1
Qc7 15. a4 a6 16. Re3 Bd7 17. Rae1 Kf8 18. Rxe8+ Rxe8 19. Rxe8+ Bxe8 20. Ne4 a5
21. g3 h5 22. Nc5 b6 23. Bxg6 bxc5 24. Bxh5 cxd4 25. cxd4 c5 26. dxc5 Bc6 27.
Be2 Qe7 28. b3 f5 29. f3 g5 30. Kf2 f4 31. Qc3 Kg8 32. Bb5 Bd5 33. c6 Qa7+ 34.
Kg2 g4 35. c7 Bxf3+ 36. Kf1 Bb7 37. c8=Q+ Bxc8 38. Qxc8+ Kg7 39. Qxg4+ 1-0

[Event "We LahS A 2021"]
[Site "?"]
[Date "2021.08.15"]
[Round "4"]
[White "Martinec, Tamas"]
[Black "Kauko, Pekka"]
[Result "1-0"]
[WhiteElo "1900"]
[BlackElo "1939"]
[PlyCount "93"]
[EventDate "2021.??.??"]
[SourceDate "2021.11.06"]
[SourceVersionDate "2021.11.06"]

1. e4 c6 2. d4 d5 3. e5 c5 4. dxc5 Nc6 5. f4 e6 6. Be3 d4 7. Bf2 Bxc5 8. Nf3
Nge7 9. Nbd2 Qa5 10. a3 Nf5 11. b4 Nxb4 12. axb4 Qxb4 13. Rb1 Qa5 14. Rb5 Qc7
15. Ne4 b6 16. g4 Ne3 17. Bxe3 dxe3 18. Nxc5 bxc5 19. Qd6 Qxd6 20. exd6 f6 21.
Bd3 Ba6 22. Rxc5 Bxd3 23. cxd3 Kd7 24. Ke2 Kxd6 25. Rhc1 Rhd8 26. Rc6+ Ke7 27.
Kxe3 Rd7 28. Nd4 Rad8 29. Rxe6+ Kf7 30. Re4 g6 31. f5 a5 32. Rc5 Rd5 33. Rc7+
R8d7 34. Rxd7+ Rxd7 35. Nc6 gxf5 36. gxf5 Rc7 37. Nxa5 Rc5 38. Nc4 Kg7 39. Re7+
Kh6 40. Ke4 Rc8 41. Ne3 Ra8 42. Ng4+ Kg5 43. Rg7+ Kh4 44. Nxf6 h6 45. Nd5 Re8+
46. Re7 Rf8 47. Rg7 1-0

[Event "Nopea shakki Helsinki 2021"]
[Site "?"]
[Date "2021.08.27"]
[Round "2"]
[White "Rasanen, Otto"]
[Black "Paakkonen, Timo"]
[Result "1-0"]
[WhiteElo "1986"]
[BlackElo "2218"]
[PlyCount "77"]
[EventDate "2021.??.??"]
[SourceDate "2021.11.06"]
[SourceVersionDate "2021.11.06"]

1. d4 Nf6 2. c4 g6 3. Nc3 Bg7 4. e4 O-O 5. f4 d6 6. Nf3 Nfd7 7. Bd3 Nc6 8. e5
dxe5 9. fxe5 Nxd4 10. Nxd4 Nxe5 11. Be2 Nxc4 12. Nf3 Nd6 13. O-O e5 14. Bg5 f6
15. Be3 Be6 16. Bc5 Rf7 17. Rc1 Rd7 18. Qa4 a6 19. Rfd1 b5 20. Qh4 Qe8 21. Bxd6
cxd6 22. Ne4 Qe7 23. Rc6 Rad8 24. b3 h6 25. Qf2 f5 26. Nc3 d5 27. Qb6 Bf7 28.
Qxa6 d4 29. Nxb5 e4 30. Nfxd4 Qg5 31. Qb6 Qe3+ 32. Kf1 Bxd4 33. Nxd4 Rxd4 34.
Rxg6+ Kh7 35. Rxd4 Rxd4 36. Rxh6+ Kg8 37. Qb8+ Be8 38. Qxe8+ Kg7 39. Rg6+ 1-0

[Event "Nopea shakki Helsinki 2021"]
[Site "?"]
[Date "2021.08.27"]
[Round "3"]
[White "Bederdin, Lauri"]
[Black "Vihinen, Teemu"]
[Result "1-0"]
[WhiteElo "2044"]
[BlackElo "2168"]
[PlyCount "63"]
[EventDate "2021.??.??"]
[SourceDate "2021.11.06"]
[SourceVersionDate "2021.11.06"]

1. d4 e6 2. g3 f5 3. Bg2 Nf6 4. Nf3 d5 5. O-O Bd6 6. c4 O-O 7. Nc3 c6 8. Rb1
Qe7 9. c5 Bc7 10. Bf4 Bxf4 11. gxf4 b6 12. b4 Ba6 13. Ne5 Nfd7 14. Re1 Nxe5 15.
fxe5 Bc4 16. f4 b5 17. a4 a6 18. e3 Ra7 19. Qh5 Nd7 20. Bf1 Rb7 21. Bxc4 bxc4
22. Re2 Rfb8 23. Reb2 Qd8 24. b5 Qa5 25. Rb4 axb5 26. axb5 Qa3 27. bxc6 Rxb4
28. Rxb4 Rxb4 29. cxd7 Qc1+ 30. Kf2 Rb2+ 31. Ne2 Rxe2+ 32. Qxe2 1-0

[Event "Nopea shakki Helsinki 2021"]
[Site "?"]
[Date "2021.08.27"]
[Round "3"]
[White "Karvinen, Kimmo"]
[Black "Rasanen, Otto"]
[Result "1-0"]
[WhiteElo "2108"]
[BlackElo "1986"]
[PlyCount "121"]
[EventDate "2021.??.??"]
[SourceDate "2021.11.06"]
[SourceVersionDate "2021.11.06"]

1. e4 c5 2. Nc3 d6 3. f4 g6 4. Nf3 Bg7 5. Bb5+ Bd7 6. O-O e6 7. f5 Nf6 8. fxe6
fxe6 9. e5 Nd5 10. Bxd7+ Qxd7 11. Ne4 dxe5 12. Nxc5 Qd6 13. Ne4 Qb6+ 14. Kh1
O-O 15. d3 Nc6 16. Qe1 Nd4 17. Nxd4 exd4 18. Rxf8+ Rxf8 19. b3 Ne3 20. Bxe3
dxe3 21. c3 Bh6 22. Qe2 Qb5 23. Rf1 Rf5 24. g3 Qd5 25. Kg1 Kg7 26. Kg2 e5 27.
Rf3 a5 28. Rf1 b5 29. b4 axb4 30. cxb4 Qd4 31. Qc2 Qxb4 32. Qc7+ Kg8 33. Rxf5
gxf5 34. Nf6+ Kf8 35. Nxh7+ Kg8 36. Nf6+ Kf8 37. Nd7+ Kg8 38. Qd8+ Bf8 39. Qg5+
Bg7 40. Qd8+ Bf8 41. Qg5+ Bg7 42. Qd8+ Bf8 43. Nxf8 Qxf8 44. Qg5+ Qg7 45. Qxf5
Qc7 46. Qg5+ Kf8 47. Qxe3 Qc2+ 48. Kh3 Qxa2 49. Qc5+ Kf7 50. Qxb5 Qe6+ 51. Kg2
Qa2+ 52. Kf3 Qxh2 53. Qxe5 Qh1+ 54. Kg4 Qd1+ 55. Kg5 Kg8 56. d4 Qd2+ 57. Kf5
Qf2+ 58. Ke6 Qf7+ 59. Kd6 Qa7 60. Qe8+ Kg7 61. Qd7+ 1-0

[Event "Nopea shakki Helsinki 2021"]
[Site "?"]
[Date "2021.08.27"]
[Round "3"]
[White "Paakkonen, Timo"]
[Black "Rinne, Heini"]
[Result "1-0"]
[WhiteElo "2218"]
[BlackElo "1891"]
[PlyCount "103"]
[EventDate "2021.??.??"]
[SourceDate "2021.11.06"]
[SourceVersionDate "2021.11.06"]

1. Nf3 d5 2. g3 Nf6 3. Bg2 g6 4. O-O Bg7 5. d3 O-O 6. Nbd2 c6 7. e4 Bg4 8. h3
dxe4 9. hxg4 exf3 10. Qxf3 Nbd7 11. Qe2 Re8 12. c3 a5 13. Re1 a4 14. a3 Qc7 15.
Nc4 Rad8 16. Bf4 e5 17. Be3 Nd5 18. g5 N7b6 19. Nxb6 Nxb6 20. Rad1 Nd5 21. Bc1
Ne7 22. Qe4 Ra8 23. Bf1 Qd7 24. Qb4 Nd5 25. Qh4 f6 26. gxf6 Bxf6 27. Qe4 Qf5
28. Bg2 Qxe4 29. dxe4 Nb6 30. Be3 Nc4 31. Bc1 Rad8 32. Bf1 b5 33. Kg2 Kf7 34.
f4 exf4 35. gxf4 Rxd1 36. Rxd1 Nb6 37. Kf3 Rd8 38. Re1 h5 39. e5 Be7 40. Ke2
Nc4 41. Bg2 c5 42. Bc6 Rb8 43. Kd3 Na5 44. Bd5+ Kg7 45. Rg1 Rb6 46. f5 c4+ 47.
Ke4 Nb3 48. Be3 Bc5 49. f6+ Kh8 50. Rxg6 Bxe3 51. Kxe3 Nc5 52. f7 1-0

[Event "Nopea shakki Helsinki 2021"]
[Site "?"]
[Date "2021.08.27"]
[Round "4"]
[White "Karvinen, Kimmo"]
[Black "Bederdin, Lauri"]
[Result "1-0"]
[WhiteElo "2108"]
[BlackElo "2044"]
[PlyCount "117"]
[EventDate "2021.??.??"]
[SourceDate "2021.11.06"]
[SourceVersionDate "2021.11.06"]

1. e4 e5 2. Nf3 Nc6 3. c3 Nf6 4. d4 exd4 5. e5 Nd5 6. cxd4 d6 7. h3 Be7 8. Bc4
Be6 9. Qe2 O-O 10. O-O Kh8 11. Re1 dxe5 12. dxe5 Nb6 13. Bd3 Nd4 14. Qe4 Bf5
15. Qxd4 Qxd4 16. Nxd4 Bxd3 17. Nc3 Rad8 18. Nf3 c5 19. Bg5 Rfe8 20. Rad1 c4
21. Nb5 Bxg5 22. Nxg5 Rd7 23. Nd6 Ree7 24. Ndxf7+ Kg8 25. e6 Rd5 26. Re3 h6 27.
Nf3 Bf5 28. Rde1 Kf8 29. N7e5 Rxe6 30. Nxc4 Nxc4 31. Rxe6 Bxe6 32. Rxe6 Nxb2
33. Ne5 Nd3 34. Nc4 Kf7 35. Re3 Nb4 36. a3 Nc6 37. Rb3 b5 38. Ne3 Rc5 39. Rd3
Ke6 40. Kh2 a5 41. Rb3 Nd4 42. Rd3 Ke5 43. Ng4+ Kd5 44. Ne3+ Ke4 45. Rd1 Rc3
46. Ra1 a4 47. g4 Kf3 48. Ra2 Nb3 49. Nd5 Rc1 50. Nb4 Nd4 51. Rd2 Ne2 52. Rd5
Kxf2 53. Nd3+ Ke3 54. Nxc1 Nxc1 55. Rxb5 Nd3 56. Rb7 g5 57. Rb6 Kf3 58. Rxh6
Nf4 59. Ra6 1-0

[Event "Nopea shakki Helsinki 2021"]
[Site "?"]
[Date "2021.08.27"]
[Round "4"]
[White "Vihinen, Teemu"]
[Black "Rasanen, Otto"]
[Result "1-0"]
[WhiteElo "2168"]
[BlackElo "1986"]
[PlyCount "84"]
[EventDate "2021.??.??"]
[SourceDate "2021.11.06"]
[SourceVersionDate "2021.11.06"]

1. e4 c5 2. c3 Nf6 3. e5 Nd5 4. d4 cxd4 5. Nf3 d6 6. exd6 e6 7. Nxd4 Bxd6 8.
Be2 O-O 9. O-O Nc6 10. Nxc6 bxc6 11. Bf3 e5 12. c4 Ne7 13. Nc3 f5 14. g3 Qc7
15. Nb5 cxb5 16. Bxa8 Be6 17. Bd5 Nxd5 18. cxd5 Bf7 19. Bd2 Qb7 20. a3 Bxd5 21.
Bb4 Bxb4 22. axb4 Bg2 23. Re1 Bh3 24. f3 Qb6+ 25. Kh1 Qf2 26. Rg1 f4 27. Qd5+
Kh8 28. gxf4 Qxb2 29. Rxa7 exf4 30. Ra8 Qf6 31. Rxf8+ Qxf8 32. Qxb5 Qa8 33. Qd3
Be6 34. Qc3 Qf8 35. b5 Bd5 36. b6 Qf6 37. Qxf6 Bxf3+ 38. Rg2 gxf6 39. Kg1 f5
40. Rc2 Kg8 41. Rc7 Be4 42. b7 Bxb7 1-0

[Event "Nopea shakki Helsinki 2021"]
[Site "?"]
[Date "2021.08.27"]
[Round "5"]
[White "Vihinen, Teemu"]
[Black "Karvinen, Kimmo"]
[Result "0-1"]
[WhiteElo "2168"]
[BlackElo "2108"]
[PlyCount "88"]
[EventDate "2021.??.??"]
[SourceDate "2021.11.06"]
[SourceVersionDate "2021.11.06"]

1. e4 e6 2. d4 d5 3. e5 c5 4. c3 Nc6 5. Nf3 Bd7 6. Be2 Nge7 7. O-O Nf5 8. Bd3
cxd4 9. Bxf5 exf5 10. cxd4 Be6 11. Nc3 Be7 12. Be3 h6 13. Ne1 g5 14. f4 Rg8 15.
Nd3 Qd7 16. Qa4 O-O-O 17. b4 Nxb4 18. Qxa7 Nxd3 19. Na4 Qb5 20. Nb6+ Kc7 21.
Rfc1+ Nc5 22. dxc5 Qa6 23. Qxa6 bxa6 24. Bd4 Kc6 25. Rab1 Rb8 26. a4 gxf4 27.
a5 f3 28. g3 f4 29. Kf2 fxg3+ 30. hxg3 Rg4 31. Be3 d4 32. Bf4 Bxc5 33. Ra1 Bd5
34. Nxd5 Kxd5 35. Kxf3 Rgg8 36. Rc2 Rb3+ 37. Kg2 h5 38. Kh3 Rf3 39. Kh4 Be7+
40. Kh3 h4 41. Kg2 Rxf4 42. Re1 Rfg4 43. e6 Rxg3+ 44. Kh2 fxe6 0-1

[Event "Nopea shakki Helsinki 2021"]
[Site "?"]
[Date "2021.08.27"]
[Round "5"]
[White "Paakkonen, Timo"]
[Black "Bederdin, Lauri"]
[Result "0-1"]
[WhiteElo "2218"]
[BlackElo "2044"]
[PlyCount "105"]
[EventDate "2021.??.??"]
[SourceDate "2021.11.06"]
[SourceVersionDate "2021.11.06"]

1. Nf3 Nf6 2. g3 g6 3. Bg2 Bg7 4. O-O O-O 5. d3 d5 6. Nbd2 Nc6 7. c4 e5 8. cxd5
Nxd5 9. a3 Re8 10. Nc4 Nb6 11. Bg5 f6 12. Nxb6 axb6 13. Bd2 Be6 14. h4 Bd5 15.
e4 Be6 16. Bc3 Re7 17. d4 exd4 18. Nxd4 Nxd4 19. Qxd4 Qxd4 20. Bxd4 Rd8 21. Bc3
Bb3 22. Rfe1 Kf7 23. Re3 Bc4 24. Rc1 Bd3 25. f4 c6 26. Kf2 f5 27. e5 Ke6 28.
Bb4 Red7 29. Bd6 Bb5 30. h5 Ra8 31. Bf3 c5 32. g4 Bc6 33. Be2 Bd5 34. Rd1 Ra4
35. Kg3 Re4 36. Rxe4 fxe4 37. hxg6 hxg6 38. Rh1 e3 39. Rh7 Be4 40. Bc4+ Bd5 41.
Bd3 Kf7 42. f5 Kg8 43. Rh3 c4 44. Be2 b5 45. Kf4 Rd8 46. Rxe3 gxf5 47. Kxf5 Re8
48. e6 Bxb2 49. g5 c3 50. Bh5 Rxe6 51. Rxe6 Bxe6+ 52. Kxe6 c2 53. Be2 0-1

[Event "We Helsinki 2021"]
[Site "?"]
[Date "2021.08.28"]
[Round "1"]
[White "Lallukka, Taneli"]
[Black "Binham, Timothy"]
[Result "0-1"]
[WhiteElo "1970"]
[BlackElo "2297"]
[PlyCount "84"]
[EventDate "2021.??.??"]
[SourceDate "2021.11.06"]
[SourceVersionDate "2021.11.06"]

1. e4 e5 2. Nf3 Nc6 3. Bc4 Nf6 4. Ng5 d5 5. exd5 b5 6. Bb3 Nd4 7. d3 Nxb3 8.
axb3 Qxd5 9. Qf3 Bb7 10. Qxd5 Bxd5 11. O-O h6 12. Ne4 Nxe4 13. dxe4 Bxe4 14.
Re1 Bc6 15. Rxe5+ Kd7 16. Nc3 Bd6 17. Re1 a5 18. Be3 Rhe8 19. Rad1 a4 20. bxa4
bxa4 21. Bc1 Rxe1+ 22. Rxe1 Rb8 23. h3 Bb4 24. Rd1+ Ke6 25. Rd3 Bc5 26. Be3 Bd6
27. Bc1 f5 28. f4 Rb4 29. g3 g5 30. fxg5 hxg5 31. b3 axb3 32. cxb3 Rxb3 33.
Bxg5 Be4 34. Rxd6+ cxd6 35. Ne2 Rb2 36. Nf4+ Kf7 37. h4 d5 38. Kf1 d4 39. Ke1
d3 40. Nh3 Re2+ 41. Kd1 Rh2 42. Ng1 Rg2 0-1

[Event "We Helsinki 2021"]
[Site "?"]
[Date "2021.08.28"]
[Round "1"]
[White "Parkkinen, Jyrki"]
[Black "Aura, Kristian"]
[Result "1/2-1/2"]
[WhiteElo "2117"]
[BlackElo "1927"]
[PlyCount "147"]
[EventDate "2021.??.??"]
[SourceDate "2021.11.06"]
[SourceVersionDate "2021.11.06"]

1. Nf3 d5 2. c4 e6 3. g3 c6 4. b3 Nf6 5. Bg2 Nbd7 6. Bb2 Bd6 7. d4 O-O 8. O-O
Qe7 9. Nc3 dxc4 10. bxc4 e5 11. e3 Ba3 12. Bxa3 Qxa3 13. Qb3 Qa5 14. Rad1 exd4
15. exd4 c5 16. d5 Rb8 17. Rfe1 a6 18. Ne5 Nxe5 19. Rxe5 Bd7 20. d6 Be6 21. Nd5
Nxd5 22. Bxd5 Bd7 23. Qf3 Qxa2 24. Re7 Be6 25. d7 Rbd8 26. Re1 Rxd7 27. Rxd7
Bxd7 28. Re7 Qb1+ 29. Kg2 Qf5 30. Qxf5 Bxf5 31. Rxb7 Be6 32. Bxe6 fxe6 33. Rb6
Ra8 34. Rxe6 a5 35. Re3 a4 36. Ra3 Kf7 37. Kf3 Ke6 38. Ke4 h5 39. f3 g6 40. g4
hxg4 41. fxg4 g5 42. h3 Ra7 43. Re3 a3 44. Kd3+ Kd6 45. Re1 a2 46. Ra1 Ke5 47.
Kc3 Kf4 48. Kb2 Kg3 49. Rg1+ Kh2 50. Ra1 Kxh3 51. Rh1+ Kxg4 52. Ka1 Kf4 53.
Rf1+ Ke4 54. Rg1 Kf5 55. Rd1 Kf4 56. Rf1+ Kg3 57. Rf5 g4 58. Rxc5 Kg2 59. Rc8
g3 60. c5 Kg1 61. c6 Rf7 62. Rg8 g2 63. Kxa2 Kf1 64. Kb3 Rc7 65. Rf8+ Kg1 66.
Rf6 Kh1 67. Rh6+ Kg1 68. Rg6 Kf2 69. Rf6+ Ke3 70. Rg6 Kf2 71. Rf6+ Ke3 72. Rg6
Kf2 73. Rf6+ Ke3 74. Rg6 1/2-1/2

[Event "We Helsinki 2021"]
[Site "?"]
[Date "2021.08.28"]
[Round "2"]
[White "Binham, Timothy"]
[Black "Rasanen, Otto"]
[Result "0-1"]
[WhiteElo "2297"]
[BlackElo "1986"]
[PlyCount "66"]
[EventDate "2021.??.??"]
[SourceDate "2021.11.06"]
[SourceVersionDate "2021.11.06"]

1. e4 c5 2. Nf3 d6 3. Bb5+ Nd7 4. O-O a6 5. Bxd7+ Bxd7 6. c3 Nf6 7. Re1 e6 8.
d4 cxd4 9. cxd4 d5 10. exd5 Nxd5 11. Bg5 f6 12. Bh4 Bb4 13. Nbd2 O-O 14. a3 Be7
15. Bg3 Rc8 16. Qb3 b5 17. Rad1 Qb6 18. Ne4 Rc6 19. h4 Rfc8 20. h5 Be8 21. h6
g5 22. Nc5 Bf7 23. Qd3 Bxc5 24. dxc5 Rxc5 25. Nxg5 fxg5 26. Qd4 e5 27. Rxe5
Qxh6 28. Qg4 Nf6 29. Qf5 Rxe5 30. Bxe5 Rc6 31. f3 Qg6 32. Rd8+ Ne8 33. Qd7 Qb1+
0-1

[Event "We Helsinki 2021"]
[Site "?"]
[Date "2021.08.28"]
[Round "2"]
[White "Aalto, Patrik"]
[Black "Parkkinen, Jyrki"]
[Result "0-1"]
[WhiteElo "2083"]
[BlackElo "2117"]
[PlyCount "70"]
[EventDate "2021.??.??"]
[SourceDate "2021.11.06"]
[SourceVersionDate "2021.11.06"]

1. d4 d5 2. c4 c5 3. cxd5 Nf6 4. Nf3 cxd4 5. Qxd4 Qxd5 6. Nc3 Qxd4 7. Nxd4 a6
8. Bf4 Nbd7 9. Nf3 e6 10. a3 b5 11. h3 Bb7 12. e3 Rc8 13. Be2 Be7 14. O-O O-O
15. Rfd1 Rfd8 16. Bd6 Kf8 17. Rac1 Bxd6 18. Rxd6 Nd5 19. e4 Nxc3 20. bxc3 Ke7
21. e5 Bxf3 22. gxf3 Nxe5 23. Rxa6 Rd2 24. Bxb5 Rc5 25. Ra7+ Kf6 26. a4 Nxf3+
27. Kg2 Rf5 28. Kg3 Ng5 29. f4 Ne4+ 30. Kf3 Nd6 31. Ke3 Rh2 32. Bf1 g5 33.
fxg5+ Rxg5 34. a5 Ke5 35. Kf3 Ne4 0-1

[Event "We Helsinki 2021"]
[Site "?"]
[Date "2021.08.29"]
[Round "3"]
[White "Parkkinen, Jyrki"]
[Black "Binham, Timothy"]
[Result "1-0"]
[WhiteElo "2117"]
[BlackElo "2297"]
[PlyCount "75"]
[EventDate "2021.??.??"]
[SourceDate "2021.11.06"]
[SourceVersionDate "2021.11.06"]

1. Nf3 f5 2. d4 Nf6 3. c4 e6 4. Nc3 Bb4 5. Bd2 O-O 6. Qc2 b6 7. a3 Bxc3 8. Bxc3
Bb7 9. e3 Ne4 10. d5 exd5 11. cxd5 Bxd5 12. O-O-O Bb7 13. h4 d5 14. Ng5 Qe7 15.
Nxe4 fxe4 16. f3 exf3 17. gxf3 Nd7 18. Bd3 Qxe3+ 19. Kb1 Nf6 20. Rhg1 c5 21.
Bxh7+ Kh8 22. Qg2 Qe7 23. Rde1 Qf7 24. Bg6 Qg8 25. Bxf6 Rxf6 26. Re7 Ba6 27.
Qg5 Rxg6 28. Qxg6 Qh7 29. Qxh7+ Kxh7 30. Kc2 Rg8 31. Re5 Kh6 32. Rxd5 Bb7 33.
Rd6+ g6 34. h5 Bxf3 35. Rgxg6+ Rxg6 36. hxg6 Be4+ 37. Kc3 Bxg6 38. Rd7 1-0

[Event "We Helsinki 2021"]
[Site "?"]
[Date "2021.08.29"]
[Round "3"]
[White "Paronen, Petteri"]
[Black "Aura, Kristian"]
[Result "1/2-1/2"]
[WhiteElo "2022"]
[BlackElo "1927"]
[PlyCount "55"]
[EventDate "2021.??.??"]
[SourceDate "2021.11.06"]
[SourceVersionDate "2021.11.06"]

1. e4 c6 2. d4 d5 3. f3 dxe4 4. fxe4 e5 5. Nf3 exd4 6. Bc4 Be7 7. O-O Be6 8.
Bxe6 fxe6 9. Nxd4 Qb6 10. Kh1 c5 11. Nf3 Nf6 12. Ng5 O-O 13. Nd2 Nbd7 14. Qe2
Rad8 15. Qc4 Ng4 16. Ndf3 Bxg5 17. Bxg5 Rde8 18. Rad1 Nde5 19. Qc3 Nxf3 20.
gxf3 Nf6 21. Qe5 Qb5 22. Bxf6 Rxf6 23. Rf2 Ref8 24. b3 h6 25. Rg1 b6 26. Qc7
R6f7 27. Qe5 Rf6 28. Qc7 1/2-1/2

[Event "We Helsinki 2021"]
[Site "?"]
[Date "2021.08.29"]
[Round "3"]
[White "Bederdin, Lauri"]
[Black "Aalto, Patrik"]
[Result "0-1"]
[WhiteElo "2044"]
[BlackElo "2083"]
[PlyCount "43"]
[EventDate "2021.??.??"]
[SourceDate "2021.11.06"]
[SourceVersionDate "2021.11.06"]

1. d4 Nf6 2. c4 g6 3. Nf3 Bg7 4. g3 O-O 5. Bg2 c6 6. O-O d5 7. b3 Ne4 8. Bb2
Nd7 9. cxd5 cxd5 10. Nc3 Ndf6 11. Nxe4 Nxe4 12. Nd2 Nf6 13. e4 dxe4 14. Nxe4
Nxe4 15. Bxe4 Qb6 16. Qd2 Bh3 17. Bg2 Bxg2 18. Kxg2 Rfd8 19. Rfd1 Rd5 20. Qe3
e6 21. Rac1 Rad8 22. Rc5 0-1

[Event "We Helsinki 2021"]
[Site "?"]
[Date "2021.08.29"]
[Round "4"]
[White "Rasanen, Otto"]
[Black "Parkkinen, Jyrki"]
[Result "1-0"]
[WhiteElo "1986"]
[BlackElo "2117"]
[PlyCount "101"]
[EventDate "2021.??.??"]
[SourceDate "2021.11.06"]
[SourceVersionDate "2021.11.06"]

1. d4 d5 2. c4 c5 3. cxd5 Qxd5 4. Nf3 cxd4 5. Nc3 Qa5 6. Nxd4 Nf6 7. g3 e5 8.
Nb3 Qc7 9. Bg2 Bb4 10. Qd3 O-O 11. Bg5 Rd8 12. Qf3 e4 13. Qe3 Bf5 14. O-O Bxc3
15. Qxc3 Qxc3 16. bxc3 Nc6 17. Nc5 Rd5 18. Nxb7 Re8 19. c4 Rd7 20. Nc5 Rd4 21.
Rfc1 Ne5 22. Nb7 Rd7 23. Na5 Rc8 24. c5 h6 25. Bf4 Rd5 26. Nb7 Rc7 27. Nd6 g5
28. Be3 Neg4 29. Nxf5 Rxf5 30. Bd4 Rd5 31. Rd1 Ne5 32. Rab1 Rcd7 33. e3 Nc6 34.
Rdc1 Nxd4 35. exd4 Rxd4 36. c6 Rc7 37. Rb7 Ne8 38. Bh3 Rd6 39. Bd7 Rxb7 40.
cxb7 Rb6 41. Bxe8 Rxb7 42. Bc6 Re7 43. g4 e3 44. f3 Kg7 45. Kf1 h5 46. h3 hxg4
47. hxg4 f5 48. gxf5 Kf6 49. Be4 Ke5 50. Ke2 Kf4 51. Rg1 1-0

[Event "We Helsinki 2021"]
[Site "?"]
[Date "2021.08.29"]
[Round "4"]
[White "Aalto, Patrik"]
[Black "Paronen, Petteri"]
[Result "1/2-1/2"]
[WhiteElo "2083"]
[BlackElo "2022"]
[PlyCount "38"]
[EventDate "2021.??.??"]
[SourceDate "2021.11.06"]
[SourceVersionDate "2021.11.06"]

1. Nf3 Nf6 2. g3 d6 3. d4 g6 4. Bg2 Bg7 5. O-O O-O 6. c4 Nbd7 7. Nc3 e5 8. Qc2
Re8 9. dxe5 dxe5 10. Rd1 c6 11. Ng5 Qc7 12. Nge4 Bf8 13. Bg5 Nxe4 14. Nxe4 f5
15. Rxd7 Bxd7 16. Nf6+ Kf7 17. Nxe8 Rxe8 18. Rd1 Be6 19. Qd2 Bc8 1/2-1/2

[Event "We 2 Helsinki 2021"]
[Site "?"]
[Date "2021.09.04"]
[Round "2"]
[White "Si, Patrick"]
[Black "Paasikangas, Johanna"]
[Result "0-1"]
[WhiteElo "1914"]
[BlackElo "2187"]
[PlyCount "138"]
[EventDate "2021.??.??"]
[SourceDate "2021.11.06"]
[SourceVersionDate "2021.11.06"]

1. e4 c5 2. a3 d6 3. b4 Nf6 4. Bb5+ Bd7 5. Qe2 cxb4 6. axb4 Nc6 7. Bxc6 Bxc6 8.
d3 e6 9. c4 b6 10. Nf3 Be7 11. Nc3 O-O 12. O-O d5 13. cxd5 exd5 14. e5 Ne8 15.
Nd4 Bb7 16. Rb1 Rc8 17. Bd2 Kh8 18. Kh1 Nc7 19. Qg4 f6 20. Nf5 g6 21. Bh6 Rf7
22. Nxe7 Qxe7 23. exf6 Qxf6 24. d4 Qf5 25. Qg3 a6 26. Rbe1 b5 27. Re2 Ne8 28.
Rfe1 Ng7 29. Re7 Kg8 30. h3 Qf6 31. Rxf7 Qxf7 32. Bg5 Nf5 33. Qd3 Qc7 34. g4
Nd6 35. Qe3 Ne4 36. Nxe4 dxe4 37. Rc1 Qxc1+ 38. Qxc1 Rxc1+ 39. Bxc1 Kf7 40. Kg1
Ke6 41. Kf1 Kd5 42. Ke2 Kxd4 43. Bg5 Kc3 44. Bd2+ Kc4 45. Kd1 Kd3 46. Kc1 Ke2
47. Be3 g5 48. Bxg5 Kxf2 49. Kd2 Kg3 50. Bd8 Kxh3 51. g5 Kg4 52. Ke3 Kf5 53.
Be7 Ke6 54. Bd8 Kd5 55. Bc7 Kc4 56. Ba5 Kc3 57. Ke2 Bc8 58. Ke3 Bf5 59. Ke2
Bg4+ 60. Ke3 Bf3 61. Kf2 Kd2 62. Bb6 Bh5 63. Be3+ Kc3 64. Bc5 a5 65. bxa5 b4
66. a6 Be8 67. Ke3 Bc6 68. Ke2 b3 69. Kd1 b2 0-1

[Event "We 2 Helsinki 2021"]
[Site "?"]
[Date "2021.09.04"]
[Round "2"]
[White "Tauriainen, Marko"]
[Black "Rasanen, Otto"]
[Result "1/2-1/2"]
[WhiteElo "2111"]
[BlackElo "2049"]
[PlyCount "60"]
[EventDate "2021.??.??"]
[SourceDate "2021.11.06"]
[SourceVersionDate "2021.11.06"]

1. d4 Nf6 2. c4 g6 3. Nc3 d5 4. Qb3 dxc4 5. Qxc4 Bg7 6. Nf3 O-O 7. e4 Nc6 8. e5
Be6 9. exf6 Bxc4 10. fxg7 Kxg7 11. Bxc4 Nxd4 12. Nxd4 Qxd4 13. Bb3 Qd3 14. Be3
Rad8 15. h4 h6 16. Rh3 Qd6 17. Kf1 f5 18. f4 e5 19. Nd5 c6 20. fxe5 Qxe5 21.
Rd1 Kh7 22. Bd4 Qb8 23. Re3 Rd7 24. Nf6+ Rxf6 25. Bxf6 Qf4+ 26. Ke2 Qg4+ 27.
Ke1 Qb4+ 28. Ke2 Qg4+ 29. Kf2 Qf4+ 30. Ke2 Qg4+ 1/2-1/2

[Event "We 2 Helsinki 2021"]
[Site "?"]
[Date "2021.09.05"]
[Round "3"]
[White "Paasikangas, Johanna"]
[Black "Tauriainen, Marko"]
[Result "1-0"]
[WhiteElo "2187"]
[BlackElo "2111"]
[PlyCount "61"]
[EventDate "2021.??.??"]
[SourceDate "2021.11.06"]
[SourceVersionDate "2021.11.06"]

1. d4 Nf6 2. Bf4 d5 3. e3 c5 4. c3 Nc6 5. Bd3 e6 6. Nf3 Bd6 7. Bg3 O-O 8. Nbd2
b6 9. Qe2 cxd4 10. exd4 Be7 11. Rd1 Qe8 12. Ne5 Nxe5 13. Bxe5 Nd7 14. Bg3 Qd8
15. Nf3 Re8 16. O-O Nf8 17. Ne5 Bd7 18. Ba6 Bh4 19. Qh5 Ng6 20. Bxh4 Qxh4 21.
Qxh4 Nxh4 22. Nxd7 f6 23. c4 Re7 24. Bb5 Rd8 25. Rfe1 Rexd7 26. Bxd7 Rxd7 27.
Rxe6 dxc4 28. Rc6 b5 29. a4 Nf5 30. axb5 Nxd4 31. Kf1 1-0

[Event "We 2 Helsinki 2021"]
[Site "?"]
[Date "2021.09.05"]
[Round "3"]
[White "Rasanen, Otto"]
[Black "Si, Patrick"]
[Result "1-0"]
[WhiteElo "2049"]
[BlackElo "1914"]
[PlyCount "39"]
[EventDate "2021.??.??"]
[SourceDate "2021.11.06"]
[SourceVersionDate "2021.11.06"]

1. d4 e6 2. e4 d5 3. exd5 exd5 4. Nf3 Bd6 5. c4 dxc4 6. Bxc4 Nf6 7. O-O O-O 8.
Nc3 Bg4 9. h3 Bh5 10. g4 Bg6 11. Ne5 Bxe5 12. dxe5 Qxd1 13. Rxd1 Ne8 14. f4 h6
15. f5 Bh7 16. Rd8 c6 17. e6 fxe6 18. fxe6 Bd3 19. Rxd3 Rf4 20. Bxf4 1-0

[Event "We 2 Helsinki 2021"]
[Site "?"]
[Date "2021.09.05"]
[Round "4"]
[White "Rasanen, Otto"]
[Black "Paasikangas, Johanna"]
[Result "0-1"]
[WhiteElo "2049"]
[BlackElo "2187"]
[PlyCount "150"]
[EventDate "2021.??.??"]
[SourceDate "2021.11.06"]
[SourceVersionDate "2021.11.06"]

1. d4 Nf6 2. c4 g6 3. g3 Bg7 4. Bg2 O-O 5. Nc3 d6 6. Nf3 c6 7. O-O a5 8. h3 Qc7
9. e4 e5 10. Be3 exd4 11. Nxd4 Na6 12. Qc2 Re8 13. Rad1 Nc5 14. Ndb5 cxb5 15.
Nxb5 Qe7 16. Nxd6 Na6 17. Nxe8 Nxe8 18. Qa4 Bxb2 19. Qxa5 Be6 20. Rd2 Ba3 21.
Qa4 Rc8 22. Rc2 Bc5 23. Bxc5 Nxc5 24. Qb4 Qc7 25. Rb1 Nf6 26. Qb2 Nfxe4 27.
Bxe4 Nxe4 28. Qxb7 Qxb7 29. Rxb7 Nc5 30. Rb5 Bxh3 31. a4 Bd7 32. a5 Bf5 33. Ra2
Bd3 34. Rb4 Na6 35. Rb6 Rxc4 36. Kg2 Rc3 37. Rd2 Nc5 38. Rb8+ Kg7 39. Rc8 Be4+
40. Kh2 Bf3 41. a6 Rc1 42. g4 Rh1+ 43. Kg3 Ne4+ 44. Kxf3 Nxd2+ 45. Ke3 Ra1 46.
Kxd2 Rxa6 47. Rc5 Re6 48. Ra5 h6 49. Kd3 Kf6 50. f4 Re1 51. g5+ Kg7 52. gxh6+
Kxh6 53. Rg5 f6 54. Rg2 Kh5 55. Kd4 f5 56. Kd3 Re4 57. Rf2 Kg4 58. Rg2+ Kxf4
59. Rxg6 Kf3 60. Rg1 Kf2 61. Rg5 Re3+ 62. Kd2 f4 63. Rf5 f3 64. Rf8 Re2+ 65.
Kd1 Re6 66. Kd2 Rd6+ 67. Kc2 Rg6 68. Kd2 Kg2 69. Ke1 Re6+ 70. Kd1 f2 71. Rg8+
Kh3 72. Rf8 Re1+ 73. Kd2 f1=Q 74. Rh8+ Kg4 75. Rg8+ Kh5 0-1